<?xml version="1.0" encoding="UTF-8"?>
<record
    xmlns:xsi="http://www.w3.org/2001/XMLSchema-instance"
    xsi:schemaLocation="http://www.loc.gov/MARC21/slim http://www.loc.gov/standards/marcxml/schema/MARC21slim.xsd"
    xmlns="http://www.loc.gov/MARC21/slim">

  <leader>01959nam a22003137a 4500</leader>
  <controlfield tag="001">8733</controlfield>
  <controlfield tag="003">FISKH</controlfield>
  <controlfield tag="005">20251014164132.0</controlfield>
  <controlfield tag="008">251014b        cb ||||| |||| 00| 0 eng d</controlfield>
  <datafield tag="020" ind1=" " ind2=" ">
    <subfield code="a">9789996301735</subfield>
  </datafield>
  <datafield tag="040" ind1=" " ind2=" ">
    <subfield code="a">FISKH</subfield>
    <subfield code="b">khr</subfield>
    <subfield code="c">FISKH</subfield>
    <subfield code="d">FISKH</subfield>
  </datafield>
  <datafield tag="050" ind1=" " ind2=" ">
    <subfield code="a">PZ7</subfield>
  </datafield>
  <datafield tag="082" ind1=" " ind2=" ">
    <subfield code="a">597.96</subfield>
  </datafield>
  <datafield tag="100" ind1=" " ind2=" ">
    <subfield code="a">Ngem, Say</subfield>
  </datafield>
  <datafield tag="245" ind1=" " ind2=" ">
    <subfield code="a">&#x1796;&#x179F;&#x17CB;&#x1790;&#x17D2;&#x179B;&#x17B6;&#x1793;&#x17CB;&#x179A;&#x1794;&#x179F;&#x17CB;&#x17A2;&#x17D2;&#x1793;&#x1780;&#x178F;&#x17B6;&#x17A2;&#x1784;&#x17D2;&#x1782; : </subfield>
    <subfield code="b">The boa contrictor of Neak Ta Angk / </subfield>
    <subfield code="c">&#x179B;&#x17C4;&#x1780;&#x200B; &#x179F;&#x17B6;&#x1799; &#x1784;&#x17B8;&#x1798; </subfield>
  </datafield>
  <datafield tag="260" ind1=" " ind2=" ">
    <subfield code="a">Phnom Penh : </subfield>
    <subfield code="b">Reading Books , </subfield>
    <subfield code="c">2012.</subfield>
  </datafield>
  <datafield tag="300" ind1=" " ind2=" ">
    <subfield code="a">24 pages : </subfield>
    <subfield code="b">color illustrations ;</subfield>
    <subfield code="c">24 cm . </subfield>
  </datafield>
  <datafield tag="490" ind1=" " ind2=" ">
    <subfield code="a">&#x1796;&#x17B7;&#x1797;&#x1796;&#x179A;&#x17BF;&#x1784;&#x1793;&#x17B7;&#x1791;&#x17B6;&#x1793;</subfield>
  </datafield>
  <datafield tag="505" ind1=" " ind2=" ">
    <subfield code="a">K 
</subfield>
  </datafield>
  <datafield tag="520" ind1=" " ind2=" ">
    <subfield code="a">&#x179A;&#x17BF;&#x1784;&#x1793;&#x17C1;&#x17C7;&#x1795;&#x17D2;&#x178F;&#x17C4;&#x178F;&#x1791;&#x17C5;&#x179B;&#x17BE;&#x1787;&#x17B8;&#x179C;&#x17B7;&#x178F;&#x179F;&#x178F;&#x17D2;&#x179C;&#x1796;&#x17D2;&#x179A;&#x17C3;&#x1785;&#x1784;&#x17CB;&#x17A2;&#x1794;&#x17CB;&#x179A;&#x17C6;&#x178A;&#x179B;&#x17CB;&#x1798;&#x1793;&#x17BB;&#x179F;&#x17D2;&#x179F;&#x1782;&#x17D2;&#x179A;&#x1794;&#x17CB;&#x179A;&#x17BC;&#x1794;&#x17A2;&#x17C4;&#x1799;&#x1794;&#x17D2;&#x179A;&#x1796;&#x17D2;&#x179A;&#x17B9;&#x178F;&#x17D2;&#x178F;&#x178F;&#x17C2;&#x17A2;&#x17C6;&#x1796;&#x17BE;&#x179B;&#x17D2;&#x17A2; &#x1796;&#x17D2;&#x179A;&#x17C4;&#x17C7;&#x179F;&#x178F;&#x17D2;&#x179C;&#x1780;&#x17CF;&#x1785;&#x1784;&#x17CB;&#x179A;&#x179F;&#x17CB;&#x179A;&#x17B6;&#x1793;&#x1798;&#x17B6;&#x1793;&#x1787;&#x17B8;&#x179C;&#x17B7;&#x178F; &#x1785;&#x1784;&#x17CB;&#x1798;&#x17B6;&#x1793;&#x1780;&#x17D2;&#x178F;&#x17B8;&#x179F;&#x17BB;&#x1781; &#x1785;&#x1784;&#x17CB;&#x1787;&#x17BD;&#x1794;&#x1787;&#x17BB;&#x17C6;&#x1782;&#x17D2;&#x179A;&#x17BD;&#x179F;&#x17B6;&#x179A; &#x1793;&#x17B7;&#x1784;&#x1785;&#x1784;&#x17CB;&#x1798;&#x17B6;&#x1793;&#x179F;&#x17C1;&#x179A;&#x17B8;&#x1797;&#x17B6;&#x1796;&#x178A;&#x17BC;&#x1785;&#x1798;&#x1793;&#x17BB;&#x179F;&#x17D2;&#x179F;&#x1799;&#x17BE;&#x1784;&#x178A;&#x17C2;&#x179A;&#x1782;&#x17D2;&#x179A;&#x17B6;&#x1793;&#x17CB;&#x178F;&#x17C2;&#x179C;&#x17B6;&#x1798;&#x17B7;&#x1793;&#x1785;&#x17C1;&#x17C7;&#x1793;&#x17B7;&#x1799;&#x17B6;&#x1799; &#x17D4;&#x200B; </subfield>
  </datafield>
  <datafield tag="520" ind1=" " ind2=" ">
    <subfield code="a">This story is a tale focusing on the protection of the life of wild animals. This story is intended to educate people to treat well on the animals because they want to service, to live in happiness, the dwell with their families and to have freedom just like human being, too . The difference is that they cannot speak . </subfield>
  </datafield>
  <datafield tag="521" ind1="8" ind2=" ">
    <subfield code="a">510 
</subfield>
    <subfield code="b">Lexile estimate 
</subfield>
  </datafield>
  <datafield tag="521" ind1="8" ind2=" ">
    <subfield code="a">K 
</subfield>
    <subfield code="b">Raz-Plus 

</subfield>
  </datafield>
  <datafield tag="650" ind1=" " ind2=" ">
    <subfield code="a">&#x1796;&#x179F;&#x17CB;&#x1790;&#x17D2;&#x179B;&#x17B6;&#x1793;&#x17CB;&#x179A;&#x1794;&#x179F;&#x17CB;&#x17A2;&#x17D2;&#x1793;&#x1780;&#x178F;&#x17B6;&#x17A2;&#x1784;&#x17D2;&#x1782;</subfield>
    <subfield code="v">&#x179A;&#x17BF;&#x1784;&#x1793;&#x17B7;&#x1791;&#x17B6;&#x1793;&#x1780;&#x17BB;&#x1798;&#x17B6;&#x179A;&#x200B;</subfield>
  </datafield>
  <datafield tag="650" ind1=" " ind2=" ">
    <subfield code="a">The boa constrictor of Neak Ta Angk</subfield>
    <subfield code="v">Children's stories </subfield>
  </datafield>
  <datafield tag="700" ind1=" " ind2=" ">
    <subfield code="a">Vichit, Prom </subfield>
    <subfield code="e">Illustrator </subfield>
  </datafield>
  <datafield tag="942" ind1=" " ind2=" ">
    <subfield code="2">ddc</subfield>
    <subfield code="c">KHB</subfield>
    <subfield code="n">0</subfield>
  </datafield>
  <datafield tag="999" ind1=" " ind2=" ">
    <subfield code="c">8733</subfield>
    <subfield code="d">8733</subfield>
  </datafield>
  <datafield tag="952" ind1=" " ind2=" ">
    <subfield code="0">0</subfield>
    <subfield code="1">0</subfield>
    <subfield code="2">ddc</subfield>
    <subfield code="4">0</subfield>
    <subfield code="7">0</subfield>
    <subfield code="8">Khmer-English Bilingual </subfield>
    <subfield code="a">002</subfield>
    <subfield code="b">002</subfield>
    <subfield code="c">TTP Khmer</subfield>
    <subfield code="d">2025-10-14</subfield>
    <subfield code="l">0</subfield>
    <subfield code="o">GNE PZ7 597.96</subfield>
    <subfield code="p">FISBK03822</subfield>
    <subfield code="r">2025-10-14 16:41:29</subfield>
    <subfield code="w">2025-10-14</subfield>
    <subfield code="y">KHB</subfield>
  </datafield>
</record>
